|
|
|
|
| LEADER |
00000nas a2200000 i 4500 |
| 001 |
ssj0045695 |
| 003 |
WaSeSS |
| 005 |
20200512172242.0 |
| 006 |
m d |
| 007 |
cr n |
| 008 |
041012c20039999bl qr p s 0 0por c |
| 010 |
|
|
|a 2015240008
|
| 022 |
|
|
|a 1807-8672
|l 1806-2636
|y 1806-2636
|
| 035 |
|
|
|a (WaSeSS)ssj0045695
|
| 040 |
|
|
|a AU@
|b eng
|c AU@
|d OCLCQ
|d OCLCE
|d OCLCQ
|d OCLCF
|d CUS
|d OCLCO
|d IXA
|d OCLCO
|d OCLCA
|d CUS
|d OCLCA
|d NTG
|d WaSeSS
|
| 041 |
0 |
|
|a por
|a eng
|
| 042 |
|
|
|a pcc
|
| 043 |
|
|
|a s-bl---
|
| 210 |
0 |
|
|a Act Sci., Anim. Sci.
|
| 222 |
|
0 |
|a Acta Scientiarum. Animal Sciences
|
| 245 |
0 |
0 |
|a Acta scientiarum.
|p Animal sciences
|h [electronic resource].
|
| 246 |
3 |
0 |
|a Animal sciences
|
| 260 |
|
|
|a Maringá, Paraná, Brasil :
|b Editora da Universidade Estadual de Maringá,
|c 2003-
|
| 310 |
|
|
|a Quarterly,
|b 2004-
|
| 321 |
|
|
|a Semiannual,
|b 2003
|
| 362 |
1 |
|
|a Began with V. 25, n. 1 (2003).
|
| 506 |
|
|
|a License restrictions may limit access.
|
| 546 |
|
|
|a In Portuguese, some articles in English; abstracts in both languages.
|
| 588 |
|
|
|a Description based on: V. 25, n. 1 (2003); title from HTML header (publisher's Web site, viewed Nov. 25, 2014).
|
| 588 |
|
|
|a Latest issue consulted: V. 36, n. 4 (2014) (viewed Nov. 25, 2014).
|
| 650 |
|
0 |
|a Zoology
|v Periodicals.
|
| 650 |
|
0 |
|a Zoology
|z Brazil
|v Periodicals.
|
| 650 |
|
7 |
|a Zoology.
|2 fast
|0 (OCoLC)fst01184696
|
| 651 |
|
7 |
|a Brazil.
|2 fast
|0 (OCoLC)fst01206830
|
| 655 |
|
0 |
|a Electronic journals.
|
| 710 |
2 |
|
|a Universidade Estadual de Maringá.
|
| 776 |
0 |
8 |
|i Print version:
|t Acta scientiarum. Animal sciences
|x 1806-2636
|w (DLC) 2004241519
|w (OCoLC)56716415
|
| 780 |
0 |
1 |
|t Acta scientiarum
|
| 856 |
4 |
0 |
|z Full text available from Research Library: 01/01/2015 to present
|u https://search.proquest.com/publication/2037652
|